Discurso sobre el origen y los fundamentos de la desigualdad entre los hombres / (Record no. 135835)

MARC details
000 -LEADER
campo de control de longitud fija 00722nam a2200205 i 4500
001 - NÚMERO DE CONTROL
campo de control 135835
003 - IDENTIFICADOR DE NÚMERO DE CONTROL
campo de control ES-MaACL
005 - FECHA Y HORA DE LA ÚLTIMA TRANSACCIÓN
campo de control 20230906194952.0
007 - CAMPO FIJO DE DESCRIPCIÓN FÍSICA--INFORMACIÓN GENERAL
campo de control de longitud fija t|
008 - DATOS DE LONGITUD FIJA--INFORMACIÓN GENERAL
campo de control de longitud fija 070214s1970 sp r ||||1| spa d
100 1# - ENTRADA PRINCIPAL--NOMBRE DE PERSONA
Nombre de persona Rousseau, Jean-Jacques.
9 (RLIN) 100055
245 10 - MENCIÓN DEL TÍTULO
Título Discurso sobre el origen y los fundamentos de la desigualdad entre los hombres /
Mención de responsabilidad, etc. Jean-Jacques Rousseau ; introducción de Lluis Crespo ; traducción de Melitón Bustamante Ortiz.
250 ## - MENCION DE EDICION
Mención de edición 1ª. ed.
260 ## - PUBLICACIÓN, DISTRIBUCIÓN, ETC.
Lugar de publicación, distribución, etc. Barcelona :
Nombre del editor, distribuidor, etc. Península,
Fecha de publicación, distribución, etc. 1970.
300 ## - DESCRIPCIÓN FÍSICA
Extensión 156 p. ;
Dimensiones 18 cm.
650 04 - PUNTO DE ACCESO ADICIONAL DE MATERIA--TÉRMINO DE MATERIA
Término de materia o nombre geográfico como elemento de entrada Igualdad.
9 (RLIN) 13579
700 1# - ENTRADA AGREGADA--NOMBRE PERSONAL
Nombre de persona Bustamante Ortiz, Melitón.
9 (RLIN) 32877
700 1# - ENTRADA AGREGADA--NOMBRE PERSONAL
Nombre de persona Crespo Arrufat, Luis.
9 (RLIN) 158374
852 ## - LOCALIZACIÓN
Ubicación ES-MaACL
Número de control de estantería C-53492
Sublocalización o colección R.72847
Holdings
Estatus retirado Estado de pérdida Estado de daño No para préstamo Biblioteca de origen Biblioteca actual Ubicación en estantería Fecha de adquisición Fuente de adquisición Total de préstamos Signatura topográfica completa Código de barras Visto por última vez Precio de reemplazo Tipo de ítem Koha
        Biblioteca del Ateneo de Madrid Biblioteca del Ateneo de Madrid Depósito 2 17/01/2008     C-53492 1141373 23/02/2023 23/02/2023 Libro impreso